Entry Personal Name
Number of records used in: 1
001 - CONTROL NUMBER
003 - CONTROL NUMBER IDENTIFIER
005 - DATE AND TIME OF LATEST TRANSACTION
- control field:
20221108135330.0
008 - FIXED-LENGTH DATA ELEMENTS
- fixed length control field:
891214n| azannaabn |n aaa
010 ## - LIBRARY OF CONGRESS CONTROL NUMBER
- LC control number:
n 88095790
035 ## - SYSTEM CONTROL NUMBER
- System control number:
(OCoLC)oca02653866
040 ## - CATALOGING SOURCE
- Original cataloging agency:
DNLM
- Language of cataloging:
eng
- Description conventions:
rda
- Transcribing agency:
DLC
- Modifying agency:
DLC
- Modifying agency:
DNLM
046 ## - SPECIAL CODED DATES
- Birth date:
1948-06-16
- Source of date scheme:
edtf
100 1# - HEADING--PERSONAL NAME
- Personal name:
Cooper, Geoffrey M.
373 ## - ASSOCIATED GROUP
- Associated group:
Boston University
- Source of term:
naf
- Source of information:
The cell, c2013
378 ## - FULLER FORM OF PERSONAL NAME
- Fuller form of personal name:
Gregory Mitchell
670 ## - SOURCE DATA FOUND
- Source citation:
His Oncogenes, c1990:
- Information found:
CIP t.p. (Geoffrey M. Cooper, prof. of pathol., Harvard Med. Sch.; chief, Lab. of Molecular Carcinogenesis, Dana-Farber Cancer Inst.)
670 ## - SOURCE DATA FOUND
- Source citation:
The cell, 1996:
- Information found:
CIP t.p. (Geoffrey M. Cooper) data (Cooper, Geoffrey M (Mitchell); b. 1948)
670 ## - SOURCE DATA FOUND
- Source citation:
The cell, c2013:
- Information found:
ECIP t.p. (Geoffrey M. Cooper) data view (b. June 16, 1948)